ბათუმის შოთა რუსთაველის სახელმწიფო უნივერსიტეტის ბიბლიოთეკა

საქართველოს ადგილობრივი ბუჩქები. როგორც დეკორაციული ბაღთმშენებლობის მასალა. (ბიბ.ჩანაწერი № 35377)

000 -LEADER
fixed length control field 00961nam a2200217Ia 4500
001 - CONTROL NUMBER
control field 1230
003 - CONTROL NUMBER IDENTIFIER
control field GE_BSU
008 - FIXED-LENGTH DATA ELEMENTS--GENERAL INFORMATION
fixed length control field 181216s||||||||xx |||||||||||||| ||und||
040 ## - CATALOGING SOURCE
Transcribing agency GE_BSU
080 ## - UNIVERSAL DECIMAL CLASSIFICATION NUMBER
Universal Decimal Classification number 635.4
100 ## - MAIN ENTRY--PERSONAL NAME
Personal name მირზაშვილი ვ.ი.
245 ## - TITLE STATEMENT
Title საქართველოს ადგილობრივი ბუჩქები. როგორც დეკორაციული ბაღთმშენებლობის მასალა.
260 ## - PUBLICATION, DISTRIBUTION, ETC.
Place of publication, distribution, etc. თბილისი.
260 ## - PUBLICATION, DISTRIBUTION, ETC.
Name of publisher, distributor, etc. ტექნიკა და შრომა.
260 ## - PUBLICATION, DISTRIBUTION, ETC.
Date of publication, distribution, etc. 1948.
300 ## - PHYSICAL DESCRIPTION
Extent 144გვ.
653 ## - INDEX TERM--UNCONTROLLED
Uncontrolled term საქართველოს ადგილობრივი ბუჩქები. როგორც დეკორაციული ბაღთმშენებლობის მასალა.
653 ## - INDEX TERM--UNCONTROLLED
Uncontrolled term საქართველოს ბუჩქები.
942 ## - ADDED ENTRY ELEMENTS (KOHA)
Koha item type წიგნი
ეგზემპლარები
Withdrawn status Lost status Damaged status Not for loan Date acquired Barcode Date last seen Price effective from Koha item type
        2018-12-17 2834 2018-12-17 2018-12-17 წიგნი